El régimen de contratación de los médicos residentes. ¿Formación académica o encubrimiento de una relación laboral? / (Registro nro. 5725)
[ vista simple ]
| 000 -LEADER | |
|---|---|
| fixed length control field | 01431nab a22002777a 4500 |
| 003 - CONTROL NUMBER IDENTIFIER | |
| control field | OSt |
| 005 - DATE AND TIME OF LATEST TRANSACTION | |
| control field | 20251231174950.0 |
| 008 - FIXED-LENGTH DATA ELEMENTS--GENERAL INFORMATION | |
| fixed length control field | 190605e xxu||||| |||| 00| 0 spa d |
| 040 ## - CATALOGING SOURCE | |
| Transcribing agency | PJ |
| 100 ## - MAIN ENTRY--PERSONAL NAME | |
| 9 (RLIN) | 5129 |
| Personal name | Sfeir, Santiago L. |
| 245 13 - TITLE STATEMENT | |
| Title | El régimen de contratación de los médicos residentes. ¿Formación académica o encubrimiento de una relación laboral? / |
| Statement of responsibility, etc | Santiago L. Sfeir. |
| 260 ## - PUBLICATION, DISTRIBUTION, ETC. (IMPRINT) | |
| Place of publication, distribution, etc | Ciudad Autónoma de Buenos Aires : |
| Name of publisher, distributor, etc | Thomson Reuters La Ley, |
| Date of publication, distribution, etc | 2023. |
| 300 ## - PHYSICAL DESCRIPTION | |
| Extent | p. 56 |
| 500 ## - GENERAL NOTE | |
| General note | Cita: TR LALEY AR/DOC/943/2023.<br/><br/> |
| 505 ## - FORMATTED CONTENTS NOTE | |
| Formatted contents note | Sumario: I. Introducción.— II. El régimen de contratación previsto por la ley de residencias médicas.— III. Sesgos de laboralidad en las residencias médicas.— IV. Los pronunciamientos de la CNAT respecto de la temática.— V. Disquisiciones finales. La inconstitucionalidad de la ley de residencias médicas. |
| 505 ## - FORMATTED CONTENTS NOTE | |
| Title | ¿Te interesa el texto completo? Solicitalo al correo: koha@justierradelfuego.gov.ar |
| 650 #0 - SUBJECT ADDED ENTRY--TOPICAL TERM | |
| 9 (RLIN) | 1316 |
| Topical term or geographic name as entry element | DERECHO LABORAL |
| 650 #0 - SUBJECT ADDED ENTRY--TOPICAL TERM | |
| 9 (RLIN) | 1323 |
| Topical term or geographic name as entry element | CONTRATO DE TRABAJO |
| 650 #0 - SUBJECT ADDED ENTRY--TOPICAL TERM | |
| 9 (RLIN) | 1803 |
| Topical term or geographic name as entry element | RELACIONES LABORALES |
| 650 #0 - SUBJECT ADDED ENTRY--TOPICAL TERM | |
| 9 (RLIN) | 4514 |
| Topical term or geographic name as entry element | SALUD PUBLICA |
| 650 #0 - SUBJECT ADDED ENTRY--TOPICAL TERM | |
| 9 (RLIN) | 1318 |
| Topical term or geographic name as entry element | REMUNERACION |
| 650 #0 - SUBJECT ADDED ENTRY--TOPICAL TERM | |
| 9 (RLIN) | 4184 |
| Topical term or geographic name as entry element | OBLIGACIONES DEL EMPLEADOR |
| 650 #0 - SUBJECT ADDED ENTRY--TOPICAL TERM | |
| 9 (RLIN) | 1570 |
| Topical term or geographic name as entry element | DERECHOS DEL TRABAJADOR |
| 773 0# - HOST ITEM ENTRY | |
| Host Biblionumber | 2711 |
| Host Itemnumber | 3168 |
| Place, publisher, and date of publication | Ciudad Autónoma de Buenos Aires : Thomson Reuters La Ley, 1999-2002. |
| Title | Revista de derecho del trabajo. Nº 3 - Mayo 2023 |
| 942 ## - ADDED ENTRY ELEMENTS (KOHA) | |
| Source of classification or shelving scheme | |
| Koha item type | Analítica Artículo de Revista |
No hay ítems disponibles.
